[Event "RUS Rapid GP Top 16 2018"]
[Site "Khanty-Mansiysk"]
[Date "2018.12.01"]
[Round "4"]
[White "Shuvalova, Polina"]
[Black "Pridorozhni, Aleksei"]
[Result "1-0"]
[WhiteElo "2411"]
[BlackElo "2631"]
[Annotator "TA"]
[PlyCount "110"]
[EventDate "2018.12.01"]
[EventType "swiss"]
[EventCountry "RUS"]
[SourceTitle "playchess.com"]
[Source "ChessBase"]
[SourceQuality "1"]

{[%evp 22,110,45,40,47,28,68,19,23,25,24,25,20,30,30,-129,-118,-116,-118,-138,-111,-143,-140,-165,-108,-174,-30,-32,0,-58,0,0,101,96,78,0,0,0,0,0,-9,-16,-27,-54,-45,-46,-51,-46,0,-112,-112,-112,-112,-112,-112,-112,-112,-112,-85,-85,-89,-90,-90,-266,-229,-225,-85,-85,-85,-85,-10,-10,-10,-11,-11,-45,0,-17,-11,-137,-113,-109,-11,-490,-497,-570,-60,-59,29994,29995,29995]} 1. e4 d6 2. d4 Nf6 3. Nc3 e5 4. Nf3 Nbd7 5. Bc4 Be7 6. O-O O-O 7. Re1 c6 8. a4 exd4 9. Nxd4 Ne5 10. Bf1 Re8 11. h3 Bd7 {C50: Hungarian Defence and Giuoco Pianissimo} (11... Qc7 12. Bf4 Ng6 13. Bh2 Bf8 14. Qd2 Bd7 15. f4 Rad8 16. Kh1 c5 17. Nf3 Bc6 18. Nd5 Bxd5 19. exd5 {½-½ (35) Bacrot,E (2696)-Kunin,V (2551) Minsk 2017}) 12. Bf4 {LiveBook: 3 Games} a6 $146 ({Predecessor:} 12... a5 13. Bg3 Qb6 14. Ra3 Qa7 15. Rb3 Rad8 16. Kh1 Bc8 17. f4 Ng6 18. Bf2 Nd7 19. Qf3 {0-1 (58) Gheng,J (2334)-Kunin,V (2556) Schwaebisch Gmuend 2018}) 13. Bg3 Bf8 {White has an edge.} 14. Kh1 b5 15. f4 b4 {And now ...Ng6 would win.} 16. Nb1 Ng6 17. Nd2 c5 18. N4f3 $2 (18. N4b3 $1 $11) 18... Nh5 $17 19. Bh2 {White wants to play f5.} Nhxf4 20. Nc4 Bc6 21. Qd2 Qf6 22. Nb6 Rab8 (22... Ra7 $19 23. Nd5 Nxd5 24. exd5 Rxe1 25. Rxe1 Bxa4) 23. Nd5 (23. a5 $17) 23... Bxd5 (23... Nxd5 $19 24. exd5 Rxe1 25. Rxe1 Bxa4) 24. exd5 $11 a5 25. Ng1 (25. Bb5 $11 Rxe1+ 26. Rxe1) 25... Qf5 ({Black should try} 25... Rxe1 $15 26. Rxe1 Qg5) 26. Bb5 Rxe1 (26... Re4 $1 $11) 27. Rxe1 $16 Qg5 {[#]} 28. Rd1 (28. h4 $1 $16 {[%cal Rh4g5][%mdl 512]} Qh6 (28... Qxh4 29. g3) 29. Rf1) 28... h6 $11 {[%cal Bh7h6,Bh6g5,Bg5g4][%mdl 32]} 29. g3 Nh5 30. Qxg5 hxg5 31. Nf3 Be7 32. Re1 Bf6 33. b3 Ne5 $36 {[%mdl 2048] Black is more active.} 34. Nd2 g4 35. h4 (35. hxg4 $11 {keeps the balance.} Nxg4 36. Nc4) 35... g6 $17 36. Kg2 Bg7 37. Bg1 Kf8 38. Be3 f5 39. Bf4 Bf6 40. Nc4 Nxf4+ 41. gxf4 Nxc4 42. bxc4 $2 (42. Bxc4 $17 Re8 43. Rxe8+ Kxe8 44. h5) 42... Bxh4 {[%mdl 4096] Endgame KRB-KRB} 43. Re6 Be7 (43... Kg7 $19 {Threatens to win with ...g5.} 44. Rxd6 Rb7) 44. Rxg6 Kf7 45. Rh6 Rd8 ({Black should play} 45... Bf6 $17 {...Rb7 is the strong threat.} 46. Bd7 Kg7) 46. Rh7+ $11 Kf6 47. Kg3 Rb8 48. Kg2 Rd8 49. Bc6 Bf8 50. Ra7 (50. Rh5 $11 {remains equal.}) 50... Bh6 $17 51. Kg3 Bg7 (51... Rb8 $17 52. Rd7 Bf8) 52. Bd7 $2 {[%mdl 8192]} (52. Rd7 $1 $11 {and White is okay.} Rxd7 53. Bxd7) 52... Rh8 $19 53. Kg2 Rh3 $2 (53... Bh6 $19 54. Kg3 Rh7) 54. Be8 $1 $15 Rc3 $2 {[%mdl 8192] [#]} (54... Rf3 $15 55. Rf7+ Kg6 56. Rd7+ Kh7 57. Rxd6 Rxf4 58. Bg6+ Kh6 59. Bxf5+ Kh5 60. Bg6+ Kh4) 55. Bh5 $1 {[%csl Gh5][%cal Ra7f7]} Rxc2+ {Precision: White = 40%, Black = 39%.} 1-0

[Event "RUS Rapid GP Top 16 2018"]
[Site "Khanty-Mansiysk"]
[Date "2018.12.01"]
[Round "4"]
[White "Kabanov, Nikolai"]
[Black "Kryakvin, Dmitry"]
[Result "1-0"]
[WhiteElo "2403"]
[BlackElo "2529"]
[Annotator "RC"]
[PlyCount "97"]
[EventDate "2018.12.01"]
[EventType "swiss"]
[EventCountry "RUS"]
[SourceTitle "playchess.com"]
[Source "ChessBase"]
[SourceQuality "1"]
[TimeControl "900+10"]

1. e4 {[%emt 0:00:00]} c6 {[%emt 0:00:00]} 2. d4 {[%emt 0:00:23]} d5 {[%emt 0:00:00]} 3. exd5 {[%emt 0:00:03]} cxd5 {[%emt 0:00:00]} 4. c3 {[%emt 0:00:03]} Nc6 {[%emt 0:00:31]} 5. Bf4 {[%emt 0:00:05]} Bf5 {[%emt 0:00:06]} 6. Nf3 {[%emt 0:00:09]} e6 {[%emt 0:00:09]} 7. Qb3 {[%emt 0:00:15]} Qd7 {[%emt 0:00:05]} 8. Nbd2 {[%emt 0:02:08]} Nge7 {[%emt 0:00:04]} 9. Be2 {[%emt 0:00:31]} Ng6 {[%emt 0:00:04]} 10. Bg3 {[%emt 0:00:05]} Bd6 {[%emt 0:00:02]} 11. Bxd6 {[%emt 0:01:03]} Qxd6 {[%emt 0:00:02]} 12. g3 {[%emt 0:00:06]} O-O {[%emt 0:00:33]} 13. h4 {[%emt 0:00:11]} e5 {[%emt 0:00:38]} 14. h5 {[%emt 0:00:24]} Nge7 {[%emt 0:00:06]} 15. dxe5 {[%emt 0:00:19]} Nxe5 {[%emt 0:00:01]} 16. Nxe5 {[%emt 0:00:46]} Qxe5 {[%emt 0:00:04]} 17. Nf3 {[%emt 0:00:17]} Qc7 {[%emt 0:01:39]} 18. h6 {[%emt 0:00:27]} g6 {[%emt 0:00:16]} 19. Nd4 {[%emt 0:02:20]} Be4 {[%emt 0:00:13]} 20. Rh4 {[%emt 0:01:38]} Nc6 {[%emt 0:00:16]} 21. Rd1 {[%emt 0:00:45]} Rae8 {[%emt 0:00:32]} 22. Kf1 {[%emt 0:00:10]} f5 {[%emt 0:00:42]} 23. Nb5 {[%emt 0:04:48]} Qe5 {[%emt 0:01:07]} 24. f4 {[%emt 0:00:55]} Qf6 {[%emt 0:00:41]} 25. Nc7 {[%emt 0:00:21]} Re7 {[%emt 0:03:28]} 26. Nxd5 {[%emt 0:00:04]} Bxd5 {[%emt 0:00:01]} 27. Qxd5+ {[%emt 0:00:03]} Kh8 {[%emt 0:00:01]} 28. Rh2 {[%emt 0:00:09]} g5 {[%emt 0:00:41]} 29. Qd6 {[%emt 0:00:12]} Re6 {[%emt 0:01:14]} 30. fxg5 {[%emt 0:00:02]} Qf7 {[%emt 0:00:03]} 31. Qd5 {[%emt 0:00:25]} Qg6 {[%emt 0:01:09]} 32. Bh5 {[%emt 0:00:10]} Qg8 {[%emt 0:00:26]} 33. Re2 {[%emt 0:00:02]} Rxe2 {[%emt 0:00:59]} 34. Qxg8+ {[%emt 0:00:07]} Rxg8 {[%emt 0:00:01]} 35. Bxe2 {[%emt 0:00:05]} Rxg5 {[%emt 0:00:01]} 36. Rd7 {[%emt 0:00:08]} Rxg3 {[%emt 0:00:47]} 37. Bb5 {[%emt 0:00:41]} Rg6 {[%emt 0:00:26]} 38. Bxc6 {[%emt 0:00:02]} bxc6 {[%emt 0:00:00]} 39. Rxa7 {[%emt 0:00:38]} Rxh6 {[%emt 0:00:02]} 40. a4 {[%emt 0:00:07]} Rh1+ {[%emt 0:01:31]} 41. Kg2 {[%emt 0:00:03]} Rb1 {[%emt 0:00:02]} 42. b4 {[%emt 0:00:08]} Rb3 {[%emt 0:00:04]} 43. Rc7 {[%emt 0:00:17]} Rxc3 {[%emt 0:00:46]} 44. b5 {[%emt 0:00:02]} Rc2+ {[%emt 0:00:25]} 45. Kf3 {[%emt 0:00:03]} Rc3+ {[%emt 0:00:01]} 46. Kf4 {[%emt 0:00:27]} Rc4+ {[%emt 0:00:01]} 47. Kxf5 {[%emt 0:00:01]} cxb5 {[%emt 0:00:59]} 48. Rxc4 {[%emt 0:00:02]} bxc4 {[%emt 0:00:01]} 49. Ke4 {[%emt 0:00:02]} 1-0

[Event "RUS Rapid GP Top 16 2018"]
[Site "Khanty-Mansiysk"]
[Date "2018.12.01"]
[Round "4"]
[White "Maletina, Tatiana"]
[Black "Ponkratov, Pavel"]
[Result "0-1"]
[WhiteElo "2239"]
[BlackElo "2658"]
[Annotator "TA"]
[PlyCount "84"]
[EventDate "2018.12.01"]
[EventType "swiss"]
[EventCountry "RUS"]
[SourceTitle "playchess.com"]
[Source "ChessBase"]
[SourceQuality "1"]

{[%evp 13,84,0,3,0,0,0,0,0,0,0,0,0,0,-11,0,0,-22,-28,0,0,0,0,0,-6,-6,-6,-8,-7,-8,-16,-16,-16,-16,-16,-9,-17,13,13,12,14,15,14,15,22,22,18,20,0,0,0,0,-40,-40,-40,-40,-63,-63,-81,-8,-145,-151,-173,-144,-126,-44,-275,-253,-909,-889,-825,-764,-29957,-6424]} 1. d4 e6 2. c4 b6 3. e4 Bb4+ 4. Bd2 Bxd2+ 5. Qxd2 d5 6. cxd5 {C01: French: Exchange Variation} exd5 7. e5 Ne7 {LiveBook: 6 Games} 8. Nc3 {The position is equal.} O-O 9. Nf3 c5 10. Bd3 Nbc6 {Threatening ...Bg4.} 11. O-O f6 $146 12. exf6 Rxf6 13. Rfe1 Rxf3 14. gxf3 {[#] Threatens to win with dxc5.} Nxd4 15. Qf4 Ng6 16. Bxg6 $1 hxg6 17. Rad1 Bb7 18. Rxd4 cxd4 19. Qxd4 Qg5+ 20. Qg4 $132 {[%mdl 2048] White puts up resistance} Qxg4+ 21. fxg4 $11 {[%mdl 4096] Endgame KRB-KRN} d4 22. Ne4 d3 {White should prevent ...Rc8.} 23. f3 $1 Rc8 {White must now prevent ...Bxe4.} 24. Rd1 Ba6 25. Kf2 Rc2+ 26. Rd2 $1 Kf7 27. Ke3 Rc1 28. Nf2 Re1+ 29. Kd4 $1 Re2 30. Kc3 Re3 31. Nxd3 (31. Ne4 {keeps more tension.} Ke7 32. Ng5 Re1 33. Kd4 Ra1 34. b3) 31... Rxf3 32. Rf2 (32. Kd4 {seems wilder.} Kf6 33. Ne5 Rf1 34. Kd5 Bb7+ 35. Kd6) 32... Rxf2 33. Nxf2 $15 {KB-KN} Kf6 34. Kd4 Kg5 35. Ke5 Be2 (35... Bc8 $17) 36. h3 (36. a4 $1 $11) 36... Kh4 $17 37. Kf4 {[#]} g5+ $1 38. Kf5 Bf3 (38... Bf1 $17) 39. b4 $2 (39. Nd3 $1 $15) 39... Bg2 40. a3 $2 (40. b5) 40... b5 $19 41. Kg6 Kg3 42. Nd3 Be4+ {[%mdl 64] Double Attack. Accuracy: White = 54%, Black = 77%.} 0-1

[Event "RUS Rapid GP Top 16 2018"]
[Site "Khanty-Mansiysk"]
[Date "2018.12.01"]
[Round "5"]
[White "Morozevich, Alexander"]
[Black "Demidov, Mikhail"]
[Result "0-1"]
[WhiteElo "2696"]
[BlackElo "2586"]
[Annotator "TA"]
[PlyCount "134"]
[EventDate "2018.12.01"]
[EventType "swiss"]
[EventCountry "RUS"]
[SourceTitle "playchess.com"]
[Source "ChessBase"]
[SourceQuality "1"]

{[%evp 25,134,1,-11,-35,44,52,80,50,58,42,53,59,65,62,75,67,68,56,80,77,81,56,58,75,63,57,70,37,29,22,35,-11,31,-8,-25,-368,-358,-368,-340,-490,-416,-415,-361,-368,-368,-361,-364,-361,-361,-361,-362,-406,-219,-216,-201,-218,-184,-180,0,-192,-179,-251,-179,-295,-287,-312,-323,-291,-261,-291,-304,-285,-287,-434,-419,-420,-406,-507,-377,-450,-510,-535,-539,-545,-546,-659,-647,-815,-652,-764,0,-748,-526,-739,-718,-635,-566,-29948,-5915,-29970,-29974,-29974,-29975,-29976,-29976,-29976,-29976,-29975,-29975,-29976,-29977]} 1. e4 {[%cal Be2e4,Be4e5][%mdl 32]} Nf6 2. e5 Nd5 3. d4 d6 4. c4 Nb6 5. f4 Bf5 6. Nc3 dxe5 7. fxe5 e6 8. Nf3 {[%cal Bg1f3,Bf3d4,Bd4f5][%mdl 32]} Nc6 9. Be3 Be7 10. d5 exd5 11. cxd5 Nb4 12. Nd4 Bd7 13. Qf3 {B03: Alekhine's Defence: Four Pawns Attack} (13. e6 fxe6 14. dxe6 Bc6 15. Qg4 Bh4+ 16. g3 O-O 17. O-O-O Bxh1 18. gxh4 Qf6 19. Bb5 c6 20. Bg5 Qe5 21. e7 Rfe8 22. Rxh1 cxb5 23. Nf3 Nd3+ 24. Kc2 {0-1 (34) Grischuk,A (2748)-Svidler,P (2726) Odessa 2009}) 13... c5 {LiveBook: 16 Games} 14. Nf5 O-O $146 (14... Nc2+ $15 15. Kf2 Bxf5 {[%mdl 64] Overworked Piece} 16. Qxf5 Nxe3 17. Kxe3 Nxd5+ 18. Nxd5 Qxd5 19. Bb5+ Kf8) ({Predecessor:} 14... Nc2+ 15. Kf2 O-O 16. Rd1 Bxf5 17. Qxf5 Nxe3 18. Kxe3 g6 19. Qf3 Nd7 20. d6 Bg5+ {0-1 (32) Lopez Pereyra,A (2122)-Fernandez Garcia,J (2427) Tenerife 2017}) 15. O-O-O $1 $14 {White is slightly better.} Bg5 {[#] Strongly threatening ...Bxf5.} 16. Nxg7 {Hoping for Nh5.} Bxe3+ 17. Qxe3 Kxg7 18. e6 fxe6 19. dxe6 Qe7 20. Qg3+ Kh8 21. exd7 Nxd7 22. Bb5 Nf6 23. Rhe1 Qf7 24. a3 a6 25. Be2 ({Not} 25. axb4 axb5 26. Qd6 Qb3 $17) 25... Nc6 26. Rf1 Nd4 27. Bd3 Qg7 28. Qd6 Ng4 {[#] ...Nf2 is the strong threat.} 29. Rde1 {Black must now prevent Rxf8+.} Nf2 30. Bc4 $2 {[%mdl 8192]} (30. Bc2 $1 $11) 30... b5 $19 31. Bd5 Rad8 32. Qb6 (32. Qg3 $142 Qxg3 33. hxg3 Nd3+ 34. Kd2 Nxe1 35. Rxf8+ Rxf8 36. Kxe1) 32... Nd3+ 33. Kb1 Nxe1 34. Rxe1 Qg6+ 35. Qxg6 hxg6 36. Bb7 a5 37. Ne4 Rfe8 38. Rf1 Kg7 (38... c4 $142 39. Rd1 Kg7) 39. Nxc5 Re5 40. Nd3 Re7 41. Nc5 Re5 42. Nd3 $1 {[%cal Rd3e5]} Re3 43. Nf4 (43. Nc5 $142) 43... Rd7 44. Bc8 (44. Rd1 $142) 44... Rde7 45. Nd5 Re1+ 46. Rxe1 Rxe1+ {[%mdl 4096] Endgame KRN-KBN} 47. Ka2 Re2 48. Bh3 Re5 49. Nf4 (49. Nc3 {is the only way for White.}) 49... g5 50. Nd3 Re3 51. Nc5 Kf6 52. Bg4 a4 53. Kb1 Re1+ 54. Ka2 Rh1 55. Ne4+ Ke5 {( -> ...Nb3)} 56. Nc3 Nb3 {[%csl Gb3][%cal Rh1a1]} 57. Bd1 Nd4 $2 (57... Nc1+ $19 58. Kb1 Nd3) 58. h3 $2 {[%mdl 8192]} (58. Bg4 $11 Rxh2 59. Bh3) 58... Rh2 59. Bg4 Rxg2 60. Bd7 Rg3 61. Nxb5 Nxb5 62. Bxb5 Rxh3 {Black mates.} 63. Bxa4 {KR-KB} g4 {[%cal Bg5g4,Bg4g3][%mdl 32]} 64. Bc6 Kd6 65. Be4 Re3 66. Bb7 g3 67. a4 Re2 {Accuracy: White = 43%, Black = 67%.} 0-1

[Event "RUS Rapid GP Top 16 2018"]
[Site "Khanty-Mansiysk"]
[Date "2018.12.01"]
[Round "5"]
[White "Bocharov, Dmitry"]
[Black "Kokarev, Dmitry"]
[Result "1-0"]
[WhiteElo "2684"]
[BlackElo "2698"]
[Annotator "TA"]
[PlyCount "79"]
[EventDate "2018.12.01"]
[EventType "swiss"]
[EventCountry "RUS"]
[SourceTitle "playchess.com"]
[Source "ChessBase"]
[SourceQuality "1"]

{[%evp 16,79,0,-2,37,37,37,32,30,31,40,45,154,157,160,153,148,151,151,151,151,151,151,148,148,153,156,149,172,178,179,179,182,174,175,168,205,197,220,218,208,203,197,208,210,201,200,202,211,186,191,208,363,372,355,345,322,263,256,227,481,480,439,361,423,422]} 1. d4 Nf6 2. Nf3 g6 3. g3 Bg7 4. Bg2 d5 5. c4 c6 6. Qb3 O-O 7. Nc3 Qb6 8. O-O Rd8 9. h3 {LiveBook: 36 Games. D78: Fianchetto Grünfeld: 6 0-0 c6} (9. Bd2 Be6 10. Na4 Qxb3 11. axb3 Nbd7 12. Rfc1 Ne4 13. Bb4 Nd6 14. e3 dxc4 15. bxc4 Nxc4 16. Bxe7 Re8 {½-½ (102) Rapport,R (2725)-Jones,G (2677) Douglas 2018}) 9... Na6 10. Qxb6 axb6 11. Na4 $1 {White is slightly better.} Nd7 12. cxd5 cxd5 13. Bf4 Nac5 $146 (13... e6 $14) ({Predecessor:} 13... e6 14. Rfc1 b5 15. Nc3 b4 16. Nb5 Ndb8 {½-½ (47) Rozum,I (2581)-Tsybikov,T (2272) Ekaterinburg 2018}) 14. Nc3 $16 ({Stronger than} 14. dxc5 Rxa4 15. Bc7 Re8 $11) 14... Ne6 15. Nxd5 Nxf4 16. gxf4 e6 17. Nc3 Nf6 18. e3 Ne8 19. Ne5 Nd6 20. Ne4 Nxe4 21. Bxe4 b5 22. Rfc1 f6 23. Nd3 Bf8 24. a3 Bd6 25. Kg2 Ra7 26. Rc2 Kf7 27. Rac1 Bd7 28. Nc5 Bc8 29. Bf3 Bb8 30. Rc3 b4 31. axb4 b6 32. Ne4 Bd7 33. Ra3 Rc7 $2 {[#]} (33... Rxa3 34. bxa3 Rc8 35. Rxc8 Bxc8) 34. Rxc7 $18 Bxc7 35. Ra7 Rc8 36. Nc3 Ke7 37. b5 Kd6 $2 {[#]} (37... Bd8 {keeps fighting.} 38. Be2 f5) 38. Bb7 Rd8 39. Ne4+ Ke7 40. Bc6 {Accuracy: White = 90%, Black = 55%.} 1-0

[Event "RUS Rapid GP Top 16 2018"]
[Site "Khanty-Mansiysk"]
[Date "2018.12.01"]
[Round "5"]
[White "Chigaev, Maksim"]
[Black "Sjugirov, Sanan"]
[Result "1-0"]
[WhiteElo "2671"]
[BlackElo "2722"]
[Annotator "TA"]
[PlyCount "63"]
[EventDate "2018.12.01"]
[EventType "swiss"]
[EventCountry "RUS"]
[SourceTitle "playchess.com"]
[Source "ChessBase"]
[SourceQuality "1"]

{[%evp 19,63,23,50,45,54,50,79,73,78,93,101,81,83,89,143,131,116,109,264,253,265,265,272,275,267,274,267,264,303,303,285,269,287,300,270,270,281,271,332,335,359,354,418,404,736,722]} 1. e4 c5 2. Nf3 d6 3. d4 cxd4 4. Nxd4 Nf6 5. Nc3 a6 6. h4 {B90: Sicilian Najdorf: Unusual White 6th moves, 6 Be3 Ng4 and 6 Be3 e5} (6. Bg5 e6 7. f4 Qb6 8. Nb3 Nbd7 9. Qe2 Qc7 10. O-O-O b5 11. a3 Be7 12. g4 h6 13. Bh4 Rb8 14. Be1 g5 15. f5 Ne5 16. h4 Nfxg4 17. hxg5 Bxg5+ 18. Bd2 {1-0 (64) Grischuk,A (2769)-Vachier Lagrave,M (2780) Douglas 2018}) 6... e5 7. Nb3 Be6 8. f4 exf4 9. Bxf4 Nc6 10. Qd2 Be7 {LiveBook: 5 Games} 11. O-O-O Ne5 12. Nd4 Qc8 $146 ({Predecessor:} 12... O-O 13. Nxe6 fxe6 {1-0 (41) Karthikeyan,P (2481)-Sekar,B (2298) Dubai 2018}) 13. Nxe6 fxe6 14. g3 O-O 15. Bh3 Re8 {[#]} 16. Nd5 $1 {[%mdl 512] aiming for Nb6.} Nc4 ({Don't blunder} 16... Nxe4 $2 17. Qd4 $18) (16... Bd8 $142) (16... exd5 17. Bxc8) 17. Nxe7+ Rxe7 18. Qd3 Qc6 $2 {[#]} (18... Qc5 $16) 19. b3 $1 $18 {[%cal Rb3c4]} ({Less strong is} 19. Bxd6 Rd8 $16) 19... e5 20. Bg5 Na3 21. Kb2 Nb5 22. Bxf6 gxf6 23. a4 Nd4 24. c3 Ne6 25. Qxd6 Qxd6 26. Rxd6 Kf7 27. Bf5 h6 28. Rf1 Rg8 29. Rf3 Rf8 30. a5 Rg8 31. b4 Ng7 (31... h5 $142 32. Rb6 Rb8) 32. Bh7 {Accuracy: White = 98%, Black = 22%.} 1-0

[Event "RUS Rapid GP Top 16 2018"]
[Site "Khanty-Mansiysk"]
[Date "2018.12.01"]
[Round "5"]
[White "Ponkratov, Pavel"]
[Black "Yudin, Sergei"]
[Result "0-1"]
[WhiteElo "2658"]
[BlackElo "2643"]
[Annotator "TA"]
[PlyCount "66"]
[EventDate "2018.12.01"]
[EventType "swiss"]
[EventCountry "RUS"]
[SourceTitle "playchess.com"]
[Source "ChessBase"]
[SourceQuality "1"]

{[%evp 12,66,47,34,39,21,21,17,23,19,30,0,1,0,0,0,-10,-93,-87,-72,-33,-36,-17,-171,-160,-192,-233,-228,-208,-197,-183,-201,-194,-199,-204,-174,-182,-197,-196,-310,-308,-457,-453,-447,-420,-562,-555,-666,-669,-913,-878,-2856,-2194,-5808,-5355,-2724,-2650]} 1. e4 d6 2. d4 Nf6 3. f3 c5 4. d5 e6 5. c4 b5 6. cxb5 {B07: Pirc Defence: Miscellaneous Systems} exd5 7. exd5 {LiveBook: 6 Games} Nbd7 8. Nc3 {White is slightly better.} Nb6 9. Nge2 Bb7 {[%cal Rb6d5]} 10. Nf4 g5 $1 {[%cal Rg5f4]} 11. Nh3 h6 $1 12. Bd3 Bg7 $146 13. O-O O-O 14. Be4 (14. a4 $11) 14... Nxe4 $17 15. fxe4 Qe7 (15... f5 $5 16. exf5 Qf6 $17) 16. Qh5 {[%cal Rc1g5] [#]} f5 $1 $36 {[%mdl 2560] Threatens to win with ...Qe8. Black has good play.} 17. Kh1 $2 (17. Bxg5 $1 $11 {and White stays safe.} Qe8 18. Qxe8 Rfxe8 19. Bh4) (17. exf5 Nxd5) 17... Qe8 $19 18. Qxe8 Raxe8 19. exf5 Nxd5 ({Don't take} 19... Bxd5 20. Nxd5 Nxd5 21. Ng1 $17) 20. Bd2 Ne3 21. Bxe3 Rxe3 22. Ng1 Bxc3 23. bxc3 Rxc3 24. Rf2 d5 {[%cal Bd6d5,Bd5d4,Bd4d3][%mdl 32]} 25. Re1 (25. Ne2 $142 Rc4 26. Nc1) 25... d4 26. h3 (26. Re7 {was necessary.} Rf7 27. Re8+ Kg7 28. Ne2) 26... d3 27. Kh2 Rd8 28. Rd1 c4 {Black is clearly winning.} 29. f6 Kf7 30. h4 Rc2 31. Nh3 g4 {[%cal Bg5g4,Bg4h3][%mdl 32]} 32. Re1 gxh3 (32... d2 33. Re7+ Kg8 34. Nf4 $18) 33. Re7+ Kf8 {Accuracy: White = 29%, Black = 89%.} 0-1

[Event "RUS Rapid GP Top 16 2018"]
[Site "Khanty-Mansiysk"]
[Date "2018.12.01"]
[Round "5"]
[White "Pridorozhni, Aleksei"]
[Black "Maletina, Tatiana"]
[Result "1-0"]
[WhiteElo "2631"]
[BlackElo "2239"]
[Annotator "TA"]
[PlyCount "69"]
[EventDate "2018.12.01"]
[EventType "swiss"]
[EventCountry "RUS"]
[SourceTitle "playchess.com"]
[Source "ChessBase"]
[SourceQuality "1"]

{[%evp 10,69,15,6,118,89,99,74,71,82,71,76,209,184,205,194,254,173,170,155,447,359,929,913,904,852,839,896,1238,1222,1218,1164,1307,1295,1211,715,677,612,597,486,477,461,462,465,525,525,541,561,566,560,627,602,602,602,594,569,545,543,1126,1183,1127,1055]} 1. Nf3 d5 2. g3 Bg4 3. Bg2 Nd7 4. c4 c6 5. O-O e6 6. d4 {[%cal Bd2d4,Bd4e5][%mdl 32] LiveBook: 84 Games} f5 {A07: Réti Opening: New York and Capablanca Systems} (6... Ngf6 $11 {keeps the balance.}) (6... dxc4 7. a4 Ngf6 8. Nbd2 b5 9. axb5 cxb5 10. Ne5 Nxe5 11. Bxa8 Qxa8 12. dxe5 Nd7 13. f3 Bh3 14. Re1 {0-1 (67) Stupak,K (2542)-Movsesian,S (2659) Minsk 2015}) 7. cxd5 exd5 8. Ne5 $146 ({Predecessor:} 8. Nc3 Ngf6 9. Bg5 Be7 10. Qc2 Ne4 11. Bxe7 Qxe7 12. Rfe1 O-O 13. a3 Rae8 14. e3 {0-1 (55) Balog,I (1972)-Andriska,Z (2097) Hungary 2015}) 8... Nxe5 {White is better.} 9. dxe5 Qc7 10. Nc3 Nh6 (10... Qxe5 $16 11. Bf4 Qe7) 11. Bf4 Be7 {[#]} 12. Rc1 $1 {Hoping for h3.} Qd7 (12... Qa5 $142 13. Qd4 Bh5) 13. e6 Qxe6 14. Nxd5 Bd6 $2 (14... cxd5 $16 {was necessary.} 15. Bxd5 Qf6) 15. Qb3 cxd5 $2 (15... O-O 16. Ne7+ {[%mdl 64] Pin} Kf7) 16. Bxd5 $18 {[%mdl 64] [#] Double Attack. White is clearly winning.} Qe7 17. Bxd6 {[%mdl 64] Overworked Piece} Qxd6 18. Qxb7 {[%mdl 64] Double Attack} Rb8 19. Qxg7 {White threatens Bc6+ and mate.} Qxd5 20. Qxh8+ Ng8 21. Rfd1 Qe6 22. Rd3 {White wants to mate with Re3.} Kf8 23. Rc7 {[%mdl 64] Qg7+ would kill now. Double Attack} Qf6 24. Qxf6+ Nxf6 25. f3 Bh5 26. b3 Bg6 27. Rxa7 f4 28. Rd4 fxg3 29. hxg3 Bf7 30. b4 Nd5 31. Rxf7+ {[%mdl 64] Remove Defender} Kxf7 32. Rxd5 Rxb4 33. Ra5 Kg6 34. Ra8 h5 35. a4 {Accuracy: White = 77%, Black = 25%.} 1-0

[Event "RUS Rapid GP Top 16 2018"]
[Site "Khanty-Mansiysk"]
[Date "2018.12.01"]
[Round "5"]
[White "Sarana, Alexey"]
[Black "Kabanov, Nikolai"]
[Result "1-0"]
[WhiteElo "2617"]
[BlackElo "2403"]
[Annotator "TA"]
[PlyCount "77"]
[EventDate "2018.12.01"]
[EventType "swiss"]
[EventCountry "RUS"]
[SourceTitle "playchess.com"]
[Source "ChessBase"]
[SourceQuality "1"]

{[%evp 22,77,70,56,102,100,94,103,122,122,163,100,134,138,125,97,116,90,126,122,262,241,243,245,247,240,254,221,221,221,221,220,245,241,479,478,532,500,518,504,655,623,653,625,678,635,720,710,984,972,1003,822,1389,1387,1377,1345,1270,1245]} 1. e4 d6 2. d4 Nf6 3. Nc3 e5 4. dxe5 dxe5 5. Qxd8+ Kxd8 6. Bc4 Be6 7. Bxe6 fxe6 8. f3 Bd6 9. Nh3 {[%cal Bg1h3,Bh3f2,Bf2d3][%mdl 32] B07: Pirc Defence: Miscellaneous Systems} Nbd7 10. Nf2 a6 (10... Ke7 11. b3 a6 12. a4 Nb8 13. Nd3 Nc6 14. Be3 Nb4 15. O-O-O Rad8 16. Nb2 {½-½ (77) Vallejo Pons,F (2705)-Plat,V (2432) Wroclaw 2014}) 11. Nd3 Ke7 12. Be3 {LiveBook: 11 Games} b5 13. a4 c6 14. Ke2 Rhb8 {[#]} 15. Ra2 $146 ({Predecessor:} 15. b3) 15... Ne8 16. Rd1 (16. Rha1 $18) 16... h6 17. b3 Nc7 18. Raa1 c5 19. Nb2 Nb6 20. Rd2 b4 (20... Nd7 $16 21. g3 Rb6) 21. Ncd1 {[%cal Bc3d1,Bd1e3,Be3c4][%mdl 32]} a5 22. Bf2 Na6 23. Ne3 Rd8 24. Nec4 Nxc4 25. Nxc4 Bc7 26. Rad1 Rxd2+ 27. Rxd2 ({Resist} 27. Kxd2 $6 Rd8+ 28. Ke2 Rxd1) 27... Kf6 $2 {[#]} (27... Rc8 28. Rd1 Kf6 29. Bh4+ g5) 28. Rd7 $18 {White is clearly winning.} Rd8 29. Rxd8 Bxd8 {[%mdl 4096] Endgame KBN-KBN} 30. Kd3 Bc7 31. Nb2 Nb8 32. Bxc5 Nd7 33. Kc4 h5 34. Kb5 Nxc5 35. Kxc5 Kg5 36. Kc6 Bb8 37. Nc4 Ba7 38. Nxa5 Bg1 39. Nc4 {Accuracy: White = 78%, Black = 34%.} 1-0